Paisajes del espíritu (Registro nro. 304589)

Detalles MARC
000 -ENCABEZADO
Número de control [NR] 01002nam a22002534a 4500
005 - FECHA Y HORA DE LA ÚLTIMA TRANSACCIÓN
control field 20160926095341.0
008 - DE LONGITUD FIJA DE DATOS DE ELEMENTOS - INFORMACIÓN GENERAL
Elementos de longitud fija [NR] 160914s2016 ck gr 001 0 spa d
020 ## - NUMERO INTERNACIONAL NORMALIZADO PARA LIBROS [R]
Número Internacional Normalizado del libro [NR] 9789588040776
040 ## - FUENTE DE CATALOGACION [NR]
Agencia de catalogación original [NR] CO-BoUCM
Idioma de catalogación [NR] spa
Quien Cataloga Saul Niño (Modificó)
Quien Clasifica Edgar Pinilla
041 ## - CODIGO DE IDIOMA [R]
Código de idioma para texto/pista de sonido o título separado [R] Español
100 1# - ASIENTO PRINCIPAL--NOMBRE PERSONAL [NR]
Nombre personal [NR] Masur, Gerhard
Fechas asociadas con el nombre [NR] 1901-1975
ID Autoridad 80101
245 10 - MENCION DE TITULO [NR]
Título [NR] Paisajes del espíritu
Parte restante del título [NR] ensayos de crítica de la cultura
Mención de responsabilidad, etc. [NR] Gerhard Masur ; compilador Gonzalo Cataño
260 ## - PUBLICACION, DISTRIBUCION, ETC. (PIE DE IMPRENTA) [R]
Lugar de publicación, distribución, etc. [R] Bogotá (Colombia)
Nombre del editor, distribuidor, etc. [R] Academia Colombiana de Historia
Fecha de publicación, distribución, etc. [R] 2016
300 ## - DESCRIPCION FISICA [R]
Extensión [R] 380 páginas
500 ## - NOTA GENERAL [R]
Nota general [NR] Incluya índice onomástico
600 34 - ASIENTO SECUNDARIO DE MATERIA - NOMBRE PERSONAL [R]
Nombre personal [NR] Masur, Gerhard
Fechas asociadas con el nombre [NR] 1901-1975
Subdivisión general [R] Crítica e interpretación
9 (RLIN) 80102
600 34 - ASIENTO SECUNDARIO DE MATERIA - NOMBRE PERSONAL [R]
Nombre personal [NR] Masur, Gerhard
Fechas asociadas con el nombre [NR] 1901-1975
Subdivisión general [R] Pensamiento político y social
9 (RLIN) 80103
650 17 - ASIENTO SECUNDARIO DE MATERIA - TERMINO TEMATICO [R]
Término temático o nombre geográfico como elemento de entrada [NR] Ensayos alemanes
9 (RLIN) 14548
650 17 - ASIENTO SECUNDARIO DE MATERIA - TERMINO TEMATICO [R]
Término temático o nombre geográfico como elemento de entrada [NR] Historia
Subdivisión geográfica [R] Alemania
9 (RLIN) 62818
690 ## - ASUNTO AGREGADO LOCAL DE ENTRADA - TÉRMINO TEMÁTICO (OCLC, RLIN)
Acceso temático local Historia de Europa
9 (RLIN) 26509
700 1# - ASIENTO SECUNDARIO - NOMBRE PERSONAL [R]
Nombre personal [NR] Cataño, Gonzalo
Término de relación [R] compilador
9 (RLIN) 78811
942 ## - ELEMENTOS DE ENTRADA AGREGADOS (KOHA)
Tipo de ítem principal el descrito en 300a Libro
Sistema de clasificación DEWEY
Tema principal Historia
Edición 1
Clasificación 928.61
Parte restante de la signatura top. M424
Existencias
Total préstamos Signatura topográfica Código de barras Última vez visto Ejemplar Costo de reposición Price effective from Tipo de ítem Perdido Sistema de clasificación Dañado No prestable Tipo de ítem específico Suprimido Ubicación habitual Ubicación actual Localización Fecha de creación Proveedor Forma de adquisición Costo
  928.61 M424 100150384 09/12/2025 Ej.1 26000.00 08/09/2016 Libro   DEWEY     Libro   Claustro Claustro 2do piso 08/09/2016 12 Donación 0.00
  928.61 M424 100150950 09/12/2025 Ej.2 26000.00 23/09/2016 Libro   DEWEY     Libro   Claustro Claustro 2do piso 23/09/2016 12 Donación 0.00